San Pedro / (Record no. 176461)

MARC details
000 -LEADER
campo de control de longitud fija 00866nam a22002655i 4500
001 - NÚMERO DE CONTROL
campo de control 176461
003 - IDENTIFICADOR DE NÚMERO DE CONTROL
campo de control ES-MaACL
005 - FECHA Y HORA DE LA ÚLTIMA TRANSACCIÓN
campo de control 20250829131837.0
008 - DATOS DE LONGITUD FIJA--INFORMACIÓN GENERAL
campo de control de longitud fija 110117s1967 sp |||| | spa d
080 ## - NÚMERO DE LA CLASIFICACIÓN DECIMAL UNIVERSAL
Número de la Clasificación Decimal Universal 2:37
080 ## - NÚMERO DE LA CLASIFICACIÓN DECIMAL UNIVERSAL
Número de la Clasificación Decimal Universal 27-36
100 1# - ENTRADA PRINCIPAL--NOMBRE DE PERSONA
Nombre de persona Poix, Maurice.
9 (RLIN) 144786
245 10 - MENCIÓN DEL TÍTULO
Título San Pedro /
Mención de responsabilidad, etc. por Maurice Poix.
260 ## - PUBLICACIÓN, DISTRIBUCIÓN, ETC.
Lugar de publicación, distribución, etc. Madrid :
Nombre del editor, distribuidor, etc. Apostolado de la prensa,
Fecha de publicación, distribución, etc. imp. 1967.
300 ## - DESCRIPCIÓN FÍSICA
Extensión 20 p. ;
Dimensiones 23 cm.
490 1# - MENCIÓN DE SERIE
Mención de serie Cuadernos de pedagogía religiosa. Escritura ;
Designación de volumen o secuencia 18
500 ## - NOTA GENERAL
Nota general Precede al tít. : Los héroes de la Biblia.
600 07 - PUNTO DE ACCESO ADICIONAL DE MATERIA--NOMBRE DE PERSONA
Nombre de persona Pedro,
Títulos y otros términos asociados al nombre Santo
Fuente del encabezamiento o término
9 (RLIN) 162517
650 #4 - PUNTO DE ACCESO ADICIONAL DE MATERIA--TÉRMINO DE MATERIA
Término de materia o nombre geográfico como elemento de entrada Religión-
Subdivisión general Enseñanza.
9 (RLIN) 144779
710 0# - ENTRADA AGREGADA--NOMBRE DE ENTIDAD CORPORATIVA
Nombre de entidad corporativa o nombre de jurisdicción como elemento de entrada Apostolado de la Prensa.
9 (RLIN) 1403
830 00 - PUNTO DE ACCESO ADICIONAL DE SERIE-TÍTULO UNIFORME
Título uniforme Cuadernos de pedagogía religiosa
Designación de volumen o secuencia 18
9 (RLIN) 190056
852 ## - LOCALIZACIÓN
Ubicación ES-MaACL
Número de control de estantería E-14073 (18)
Encuadernación Olim P-1242
852 ## - LOCALIZACIÓN
Ubicación ES-MaACL
Número de control de estantería C-37117(18)
Holdings
Estatus retirado Estado de pérdida Estado de daño No para préstamo Biblioteca de origen Biblioteca actual Ubicación en estantería Fecha de adquisición Fuente de adquisición Total de préstamos Signatura topográfica completa Código de barras Visto por última vez Precio de reemplazo Tipo de ítem Koha
        Biblioteca del Ateneo de Madrid Biblioteca del Ateneo de Madrid Depósito 2 17/01/2011     E-14073 (18) 1185322 23/02/2023 23/02/2023 Libro impreso
        Biblioteca del Ateneo de Madrid Biblioteca del Ateneo de Madrid Depósito 2 19/08/2016     C-37117(18) 1195964 23/02/2023 23/02/2023 Libro impreso